Normal view MARC view

Entry Personal Name

Number of records used in: 2

001 - CONTROL NUMBER

  • control field: 87417

003 - CONTROL NUMBER IDENTIFIER

  • control field: dpl

005 - DATE AND TIME OF LATEST TRANSACTION

  • control field: 20260220110722.0

008 - FIXED-LENGTH DATA ELEMENTS

  • fixed length control field: 260220|| aca||aabn | a|a d

040 ## - CATALOGING SOURCE

  • Original cataloging agency: dpl
  • Transcribing agency: dpl

100 ## - HEADING--PERSONAL NAME

  • Personal name: म्युलर,हेर्टा

670 ## - SOURCE DATA FOUND

  • Source citation: Work cat.: (dpl)85715: म्युलर,हेर्टा, कांच के आंसु /, 2014

© Delhi Public Library
Hit Counter
free hit counter